000 00400cam a2200157ua 4500
041 _aeng
_h
082 _a828.09
_bBRA/SH
100 _aBradbrook, M C .
245 _aShakespeare and Elizabethan poetry /
_cM C Bradbrook.
_hTextual Documents
250 _a1 /
_b.
260 _aLondon :
_bChatto and Windus ,
_c1961.
300 _a279 ; .
504 _a
942 _cBK
999 _c8671
_d8671